[Event "IECG CP.2008.P.00021 email"]
[Site "IECG email"]
[Date "2008.10.01"]
[Round "?"]
[White "Wood, Brian"]
[Black "Le Deuff, Frederic"]
[Result "0-1"]
[WhiteElo "583"]
[BlackElo "1770"]
[PlyCount "70"]
[EventDate "2008.10.01"]
[EventType "tourn (corr)"]
[EventRounds "6"]
[EventCountry "ARG"]
[SourceTitle "Corr 2024"]
[Source "ChessBase"]
[SourceDate "2023.10.19"]
[SourceVersion "1"]
[SourceVersionDate "2023.10.19"]
[SourceQuality "1"]

1. d4 Nf6 2. c4 e5 3. dxe5 Ne4 4. Qc2 Bb4+ 5. Nc3 Bxc3+ 6. bxc3 d5 7. Nf3 Nc6 8. e3 0-0 9. Bd3 Bf5 10. cxd5 Qxd5 11. 0-0 Nxe5 12. Nxe5 Qxe5 13. Bb2 Nd6 14. Rad1 Bxd3 15. Rxd3 Nc4 16. Rfd1 Qf6 17. Qb3 Nxb2 18. Qxb2 b6 19. Rd7 Rad8 20. Rxd8 Rxd8 21. Rxd8+ Qxd8 22. Qc2 g6 23. g3 Qd7 24. f3 Qe6 25. Qd2 Qc4 26. Qd8+ Kg7 27. Qd4+ Qxd4 28. exd4 Kf6 29. Kf2 b5 30. Ke3 Ke6 31. Kd3 Kd5 32. h3 h5 33. h4 f5 34. c4+ bxc4+ 35. Kc3 a5 0-1